000 00579nam a2200229Ia 4500
003 OSt
005 20221005124847.0
006 a|||||r|||| 00| 0
007 ta
008 221004b |||||||| |||| 00| 0 hin d
024 _a53890
037 _cTextual
040 _aCRL
_cCRL
_bhin
041 _2hin
_ahin
082 _aO152,3N03,13, 32K0.2
100 _aYashpal
245 0 _aNirampidippicha Nunakal
260 _c1960
650 _aHINDI LITERATURE
_923866
942 _hO152,3N03,13, 32K0.2
_cTEXL
_2cc
999 _c1051906
_d1051906